| 000 | 00759nam 22002293 4500 | ||
|---|---|---|---|
| 001 | 202151 | ||
| 010 | _a978-989-561-441-7 | ||
| 021 | _b553938/25 | ||
| 090 | _a202151 | ||
| 100 | _a20260513d u||y0pory50 ba | ||
| 200 |
_aTransformação Digital nas organizações _efundamentos, tecnologias e estratégia _fPedro Isaías, Paula Miranda, Sara Pífano |
||
| 205 | _a1ª | ||
| 210 |
_aLisboa _cEdições Sílabo _d2025 |
||
| 215 |
_a156 p. _cbrochado _d24 cm |
||
| 606 |
_913668 _aCiência e tecnologia informáticas. Computação. Processamento de dados |
||
| 675 |
_a004 _vPT _zpor |
||
| 700 |
_917296 _aIsaías _bPedro |
||
| 701 |
_917297 _aMiranda _bPaula |
||
| 701 |
_917298 _aPífano _bSara |
||
| 801 |
_aPT _bBMMN _gRPC |
||
| 830 |
_cFernando _fFernando |
||
| 990 | _cLIVROS | ||